|
|
|
|
| LEADER |
00000nam a22000007a 4500 |
| 005 |
2020030307517.0 |
| 007 |
cr|||| |||| |
| 008 |
200303s2019 es |||||s|||| 00||0 spa d |
| 020 |
|
|
|a 978-84-17310-73-8
|
| 035 |
|
|
|a 31039
|
| 040 |
|
|
|a vLex
|
| 090 |
|
|
|c 10165
|d 10165
|
| 100 |
1 |
|
|a Correa Carrasco, Manuel
|
| 245 |
1 |
2 |
|a El derecho del trabajo y los retos planteados por la globalizacin̤ y digitalizacin̤ de la economa̕
|h [Recurso electrn̤ico] /
|c Manuel Correa Carrasco
|
| 256 |
|
|
|a Servicio en ln̕ea
|
| 260 |
|
|
|a Albacete:
|b Editorial Bomarzo,
|c 2019
|
| 300 |
|
|
|a 1 recurso electrn̤ico
|
| 506 |
1 |
|
|a Disponible solo en los productos indicados
|d vLex Global
|d vLex Global (Academic Edition, excluding Law Schools)
|d vLex Global (U.S. Academic Edition, Law Schools)
|d vLex Global (U.S. Academic Edition, excluding Law Schools)
|d vLex Global (Academic Edition, Law Schools)
|
| 650 |
0 |
4 |
|a Derecho Laboral y Seguridad Social
|z Espaą
|
| 740 |
0 |
|
|a vLex Libros (Servicio en ln̕ea)
|
| 856 |
4 |
0 |
|u http://vlex.com/source/derecho-trabajo-retos-planteados-globalizacion-digitalizacion-economia-31039
|z Acceso restringido
|
| 942 |
|
|
|c BOOK
|
| 999 |
0 |
|
|a Labor law and social security
|